| 000 | 00742nam a22001695i 4500 | ||
|---|---|---|---|
| 001 | 164397 | ||
| 003 | ES-MaACL | ||
| 005 | 20230906212928.0 | ||
| 008 | 050804s1843 sp | |||||||| ||spa d | ||
| 100 | 1 |
_aSalafranca, Juan Bautista. _9132316 |
|
| 245 | 1 | 0 |
_aColección de las composiciones hechas para el Liceo Artístico y Literario de Madrid / _cpor el P.S. |
| 260 |
_aMadrid : _bse hallará con otros opúsculos del mismo autor en la librería de Rodrígues, _c1843 ( _fEst. tip. Calle del Sordo n. 11) |
||
| 300 |
_a24 p. ; _c18 cm. |
||
| 594 | _aEl autor consta en prelim. | ||
| 710 | 2 |
_aLiceo Artístico y Literario de Madrid. _95525 |
|
| 852 | 4 |
_aES-MaACL _jT-13-F-7 _z- Enc. hol., falto de cub. original _z- Enc. en un vol. facticio |
|
| 999 |
_c164397 _d164397 |
||